000
00301nam a22001337a 4500
008
181022b xxu||||| |||| 00| 0 eng d
020
_a
9781133361589
041
_a
eng
080
_a
330.101
100
_a
52
101
_a
MAC
245
_a
Principles Macroeconomics
_c
Mnakiw.G.N
942
_2
udc
_c
BK
999
_c
50493
_d
50493